MARC

LEADER 00000nam0a2200000 4500
001 12997
005 20241126063145.0
010 |a 5300006777 
035 |a (RuTPU)RU\TPU\book\13078 
035 |a BOOK00013145 
090 |a 12997 
100 |a 20011209d1996 km y0rusy50 ca 
101 0 |a rus 
102 |a RU 
105 |a y z 000zd 
200 1 |a Краткое пособие по русской истории  |f В. О. Ключевский 
210 |a Москва  |c ТЕРРА  |c Книжная лавка-РТР  |d 1996 
215 |a 174 с. 
225 1 |a Русский дом 
600 0 |a Петр Великий  |d I  |f 1672-1725  |c российский царь из династии Романовых  |c первый российский император  |2 stltpui  |3 (RuTPU)RU\TPU\pers\365 
600 0 |a Борис Годунов  |c русский царь с 1598 г.  |f 1552-1605  |c Борис Федорович  |2 stltpui  |3 (RuTPU)RU\TPU\pers\116 
602 |a Романовы  |f 1613-1917  |c боярский род, царская фамилия с 1613, императорская фамилия с 1721 по 1917  |9 200 
606 |a Россия  |x История  |7 ca  |8 rus  |9 81526 
610 1 |a Древняя Русь 
610 1 |a славяне 
610 1 |a Киевская Русь 
610 1 |a Московское государство 
610 1 |a смута 
686 |a Т3(2)я7  |2 rubbk 
700 1 |a Ключевский  |b В. О.  |c российский историк  |c академик Петербургской АН  |f 1841-1911  |g Василий Осипович  |3 (RuTPU)RU\TPU\pers\1285  |9 578 
801 0 |a RU  |b 63413507  |c 20011209  |g PSBO 
801 2 |a RU  |b 63413507  |c 20120626  |g PSBO 
942 |c BK